| 000 | 00536nam a22001577a 4500 | ||
|---|---|---|---|
| 003 | NUST | ||
| 038 | _aNusrat Nadeem | ||
| 082 | _a200 | ||
| 100 |
_aYasir Iqbal, _9133421 |
||
| 245 |
_aDevelopment of Multifunctional Polymer-Metallic Nanomaterials as Targeted Drug Carrier for Breast Cancer Treatment/ _cIqbal, Yasir |
||
| 264 |
_aIslamabad: _bSNS NUST _c2025. |
||
| 650 |
_aPhD-Physics _9123513 |
||
| 700 |
_aSupervisor: Dr. Faheem Amin _9133422 |
||
| 856 | _uhttp://10.250.8.41:8080/xmlui/handle/123456789/56825 | ||
| 942 |
_2ddc _cSC |
||
| 999 |
_c616372 _d616372 |
||